MARC

LEADER 00000naa0a2200000 4500
001 658927
005 20250826134539.0
035 |a (RuTPU)RU\TPU\network\27186 
090 |a 658927 
100 |a 20181217d2018 k y0engy50 ba 
101 0 |a eng 
135 |a drgn ---uucaa 
181 0 |a i  
182 0 |a b 
200 1 |a High resolution study of the decades of H2S  |f T. E. Ersin [et al.] 
203 |a Text  |c electronic 
300 |a Title screen 
463 |t High Resolution Molecular Spectroscopy, HRMS 2018  |o abstract book of 25th International Conference, September 3-7 2018, Bilbao (Spain)  |v [P. 263]  |d 2018 
610 1 |a электронный ресурс 
610 1 |a труды учёных ТПУ 
610 1 |a исследования 
701 1 |a Ersin  |b T. E.  |g Tolganay Ersinkyzy 
701 0 |a Zhang Fangce  |c Chinese physicist  |c technician of Tomsk Polytechnic University  |f 1993-  |3 (RuTPU)RU\TPU\pers\42500 
701 1 |a Bekhtereva  |b E. S.  |c physicist  |c Professor of Tomsk Polytechnic University, Doctor of physical and mathematical sciences  |f 1974-  |g Elena Sergeevna  |3 (RuTPU)RU\TPU\pers\34450  |9 17851 
701 1 |a Gromova  |b O. V.  |c physicist  |c Professor of Tomsk Polytechnic University, Candidate of physical and mathematical sciences  |f 1982-  |g Olga Vasilievna  |3 (RuTPU)RU\TPU\pers\34333  |9 17839 
701 1 |a Bauerekker  |b Z.  |g Zigurd 
701 1 |a Sydow  |b Ch.  |g Christian 
701 1 |a Ulenekov (Ulenikov)  |b O. N.  |c physicist  |c Professor of Tomsk Polytechnic University, Doctor of physical and mathematical sciences  |f 1949-  |g Oleg Nikolaevich  |3 (RuTPU)RU\TPU\pers\34331  |9 17837 
712 0 2 |a Национальный исследовательский Томский политехнический университет  |b Инженерная школа ядерных технологий  |b Отделение экспериментальной физики  |3 (RuTPU)RU\TPU\col\23549 
712 0 2 |a Национальный исследовательский Томский политехнический университет  |b Исследовательская школа физики высокоэнергетических процессов  |c (2017- )  |3 (RuTPU)RU\TPU\col\23551 
801 1 |a RU  |b 63413507  |c 20141010 
801 2 |a RU  |b 63413507  |c 20181217  |g RCR 
856 4 |u http://hrms-bilbao2018.com/pdf/HRMS-Libro-Abstracts.pdf#page=265 
942 |c CF